| 000 | 00786nam a2200277 u 4500 | ||
|---|---|---|---|
| 001 | 735230 | ||
| 005 | 20260506093006.0 | ||
| 008 | 020507e19920202 spa | ||
| 020 | _a8476157932 | ||
| 035 | _a735230 | ||
| 035 | _a(OCoLC)318247143 | ||
| 040 | _ccomduadb | ||
| 041 | _aspa | ||
| 082 | 4 | _a658 | |
| 100 | 1 | 0 |
_aHansdscombe, Richard _4aut _eaut _9353803 |
| 245 | 1 | 3 | _aEl jefe de producto : guia practica del produt manager |
| 260 |
_aBarcelona : _bMcGraw-Hill, _c1992. |
||
| 300 | _a279 páginas | ||
| 650 |
_aProducción - Organización _92900 |
||
| 650 |
_aProducción - Control _91979 |
||
| 650 | 7 |
_aMercadeo _2lemb _91171 |
|
| 650 |
_aFinanciación _95111 |
||
| 650 |
_aClientes _935824 |
||
| 700 | 1 | 0 |
_aGasset Vega, Luis _4trl _etrl _9353002 |
| 942 | _cBOOK | ||
| 999 |
_c242964 _d242964 |
||